000 00547nam a2200181Ia 4500
008 151018s9999 xx 000 0 und d
082 _bRBASDV36585
_a891.462
100 _aकमलाकर बोरकर
245 _aतडीपार
250 _b1
260 _bत्रिदल प्रकाशन मुंबई
_c1984
300 _a83
600 _aकमलाकर बोरकर
630 _aतडीपार
700 _aकमलाकर बोरकर
730 _aतडीपार
942 _cBOOK
999 _c1036032
_d1036029